Khí : Triết học phương Đông /

Sparad:
Bibliografiska uppgifter
Huvudupphovsman: Trương Lập Văn
Materialtyp: Bok
Språk:Vietnamese
Publicerad: Khoa học xã hội 2000
Taggar: Lägg till en tagg
Inga taggar, Lägg till första taggen!
Thư viện lưu trữ: Mạng thư viện Đại học Đà Nẵng
LEADER 00676nam a2200265 4500
001 000027601
003 KHÍ
005 20150403120000.0
008 150403s vm 000 vie
020 |c 0,0000 
040 |a notts 
100 |a Trương Lập Văn 
245 |a Khí : Triết học phương Đông /  |c Trương LậpVăn chủ biên ; Hoàng Mộng Khánh dịch. 
260 |b Khoa học xã hội  |c 2000 
OWN |a LTT 
999 |a From the UDN01 
TYP |a Monograph 
TYP |a Printed language 
980 |a Mạng thư viện Đại học Đà Nẵng